Five Biggest Cities by Continent by Letter - N - Statistics

General Stats
  • This quiz has been taken 665 times
  • The average score is 13 of 30
Answer Stats
Population Country City % Correct
3,134,000 Kenya Nairobi
99%
8,538,000 USA New York City
96%
974,000 Italy Naples
93%
951,000 Chad N'Djamena
84%
978,000 Niger Niamey
82%
510,000 Germany Nuremberg
82%
344,000 France Nice
81%
5,828,000 China Nanjing
79%
958,000 Mauritania Nouakchott
78%
1,262,000 Russia Nizhny Novgorod
69%
660,000 USA Nashville
56%
2,498,000 India Nagpur
50%
2,661,000 China Nanning
50%
885,000 Brazil Natal
46%
439,000 Australia Newcastle
43%
2,583,000 China Ningbo
36%
100,000 New Caledonia Nouméa
31%
3,979,000 Taiwan New Taipei City
30%
639,000 Mozambique Nampula
17%
66,000 New Zealand Nelson
16%
397,000 Mexico Nuevo Laredo
14%
62,000 New Zealand Napier
12%
1,158,000 Mexico Nezahualcoyotl
10%
255,000 Argentina Neuquén
8%
57,000 New Zealand New Plymouth
7%
530,000 Russia Naberezhnye Chelny
6%
963,000 Mexico Naucalpan
6%
499,000 Brazil Niterói
6%
780,000 Brazil Nova Iguaçu
6%
326,000 Colombia Neiva
4%
No matching quizzes found
Score Distribution
Percent of People with Each Score
Percentile by Number Answered
Your Score History
You have not taken this quiz